Search the Library Catalogue
| 000 -LEADER | |
|---|---|
| fixed length control field | 00713nam a2200205Ia 4500 |
| 008 - FIXED-LENGTH DATA ELEMENTS--GENERAL INFORMATION | |
| fixed length control field | 191130s2006##################000#0#eng## |
| 020 ## - INTERNATIONAL STANDARD BOOK NUMBER | |
| ISBN | 9780521686372 |
| 082 ## - DEWEY DECIMAL CLASSIFICATION NUMBER | |
| Classification number | 428.64 MAC |
| 100 ## - MAIN ENTRY--AUTHOR NAME | |
| Personal name | MacAndrew, Richard |
| 245 ## - TITLE STATEMENT | |
| Title | Inspector Logan level 1 beginner/elementary book with audio CD pack |
| Statement of responsibility, etc | Richard Macandrew |
| 260 ## - PUBLICATION, DISTRIBUTION, ETC. (IMPRINT) | |
| Place of publication | Cambridge |
| Name of publisher | Cambridge University Press |
| Year of publication | 2006 |
| 300 ## - PHYSICAL DESCRIPTION | |
| Number of Pages | 32 p. : ill. ; 20 cm. + 1 sound disc (digital ; 4 3/4 in.) |
| 650 ## - SUBJECT ADDED ENTRY--TOPICAL TERM | |
| Topical Term | Audiobooks |
| Topical Term | English language -- Textbooks for foreign speakers |
| Topical Term | Police -- Scotland -- Edinburgh -- Fiction |
| 991 ## - | |
| -- | 421032 |
| Withdrawn status | Lost status | Damaged status | Not for loan | Home library | Current library | Date acquired | Full call number | Accession Number | Price effective from | Koha item type |
|---|---|---|---|---|---|---|---|---|---|---|
| Anna Centenary Library | Anna Centenary Library | 13.10.2020 | 428.64 MAC | 105182 | 13.10.2020 | English Books |